| 000 | 01780cam a2200289 4500 | ||
|---|---|---|---|
| 001 | D1571 | ||
| 008 | 090401t1978 xxu||||| |||| 00| 0 eng d | ||
| 020 | _a0333237285 | ||
| 035 | _a(Sirsi) u64648 | ||
| 041 | _aeng | ||
| 050 |
_a333.3320212 _c18 |
||
| 100 | _aBowcock, Philip | ||
| 240 | _aBowcock's valuation tables | ||
| 245 | _aProperty valuation tables | ||
| 260 |
_aLondon _bMacMillan _c1978 |
||
| 300 |
_avii, 360p. _c24cm |
||
| 350 | _a17.50 | ||
| 505 | _aStandard tables; years' purchase, single rate; years' purchase, dual rate; years' purchase of a reversion to a perpetuity; present value of £1; annual sinking fund; amount of £1; amount of £1 per annum; annuity £1 will purchase; conversion factors - alternative income periods; nominal and effective rates of interest; gross and net income tax factors | ||
| 505 | _aDiscounted cash flow and inflation: rental equivalent on a lease; rental equivalent on an annual tennancy; years' purchase of an annual rising income; rising annuity £1 will purchase; capitalisation rates for perpetual incomes; years' purchase for perpetual incomes - inflation risk-free yields; amount of £1 (effective annual basis) | ||
| 505 | _aLife tables: years' purchase for a single life; years' purchase for the longer of two lives; single premium to secure £1 at death; annual premium to secure £1 at death; English life tables no. 12 | ||
| 505 | _aMiscellaneous information: units of measurement; calendars; financial trends of recent years | ||
| 505 | _aReferences to recent articles on valuation theory | ||
| 520 | _aThis standard reference work provides a comprehensive list of compound interest tables for valuers. | ||
| 690 | _aPROPERTY-PROPERTY APPRAISAL AND VALUATION | ||
| 942 | _n0 | ||
| 948 | _c04/03/1997 | ||
| 999 |
_c94693 _d94693 |
||